00569nam a2200205 a 4500001001300000003000900013005001700022008004100039020001300080082001600093100002000109245005400129260004200183300000900225500003500234505001000269650002400279650004000303700002000343nice12345678IN_TiNIC20260116013829.0050524s1997 edia grp 000 0 eng  ac1106.300a231.74bFAC aFackre, Gabriel aDoctrine of Revelationb Narrative Interpretation aEdinburghbEdinburgh Universityc1997 a230p aincludes index and biblioraphy2 aIndex aTheology-Revelation aRevelation-Narrative Interpretation1 aFackre, Gabriel